00780 2200241 4500001002100000005001700021008004100038035002500079040001200104082001400116084001900130100001700149245011000166260005800276300003400334500006800368504003100436650001900467650000900486700001300495850001200508990001800520INLIS00000000001013820150813162159.0  a0010-081500000001576 aYOPDYOG 223a353.3 aSK 353.3 Ase P aASEP Purnama aPeranan departemen agama dalam pelaksanaan ibadah haji di kabupaten Bantul tahun 2004-2005c/Asep Purnama aYogyakartabUniversitas Muhammadiyah Yogyakartac2005 axiii, 108 lembar.c; 29,5 cm. aSkripsi Ilmu Pemerintahan Fakultas Ilmu Sosial dan Ilmu Politik aBibliografi : hlm. 107-108 aLembaga Publik aHaji aSUSWANTA aYOPDYOG a48161-PD/A.15